Statistics for Top 10 Countries in Eurovision 2019

Click here to take the quiz!

General Stats

  • This quiz has been taken 340 times
    (253 since last reset)
  • The average score is 9 of 10

Answer Stats

Points Country % Correct
492Netherlands
98%
465Italy
97%
332Sweden
96%
369Russia
94%
338Norway
92%
295North Macedonia
84%
234Iceland
83%
360Switzerland
81%
297Azerbaijan
81%
285Australia
76%

Score Distribution

Percentile by Number Answered

Percent of People with Each Score

Your Score History

You have not taken this quiz since the last reset